[Event "St-Chély d'Aubrac op"]
[Site "Saint-Chély d'Aubrac (12)"]
[Date "2008.07.14"]
[Round "3.24"]
[White "Seewer, Kevin"]
[Black "Nusse, Melchior"]
[Result "1/2-1/2"]
[WhiteElo "1399"]
[BlackElo "1250"]
[PlyCount "55"]
[EventDate "2008.07.??"]
[EventType "swiss"]
[EventRounds "9"]
[EventCountry "FRA"]

1. d4 d5 2. Nf3 Nf6 3. e3 Bd7 4. Be2 e6 5. O-O Bb4 6. c3 Bd6 7. Nbd2 O-O 8. Bd3
Nc6 9. e4 dxe4 10. Nxe4 Nxe4 11. Bxe4 Qe7 12. Qd3 g6 13. Bh6 Rfe8 14. h4 e5 15.
d5 Nd8 16. h5 gxh5 17. Bxh7+ Kh8 18. Be4 Qf6 19. Bg5 Qg7 20. Bh6 Qxh6 21. Nh4
Be7 22. Nf5 Bxf5 23. Bxf5 Rg8 24. Qe4 f6 25. Rad1 Nf7 26. Be6 Ng5 27. Qe3 Rg7
28. Bf5 1/2-1/2

[Event "St-Chély d'Aubrac op"]
[Site "Saint-Chély d'Aubrac (12)"]
[Date "2008.07.14"]
[Round "3.25"]
[White "Caparros, Nina"]
[Black "Causse, Michel"]
[Result "0-1"]
[WhiteElo "1199"]
[BlackElo "1380"]
[PlyCount "68"]
[EventDate "2008.07.??"]
[EventType "swiss"]
[EventRounds "9"]
[EventCountry "FRA"]

1. e4 c6 2. d4 d5 3. e5 Bf5 4. Nf3 e6 5. Be2 c5 6. O-O cxd4 7. Nxd4 Bg6 8. Nc3
a6 9. Nf3 h6 10. Be3 Nc6 11. Qd2 Bb4 12. a3 Bxc3 13. Qxc3 Nge7 14. Rad1 O-O 15.
b4 Rc8 16. Qd2 b5 17. Nh4 Kh7 18. Nxg6 Nxg6 19. Bd3 Ncxe5 20. Bc5 Re8 21. Rfe1
Nxd3 22. Qxd3 Kg8 23. Re3 f5 24. Rg3 Qf6 25. Re1 Rc6 26. Bd4 Qf7 27. Bb2 e5 28.
Rd1 Nf4 29. Qf3 Rxc2 30. Bxe5 Ne2+ 31. Qxe2 Rxe2 32. Rxg7+ Qxg7 33. Bxg7 Re1+
34. Rxe1 Rxe1# 0-1

[Event "St-Chély d'Aubrac op"]
[Site "Saint-Chély d'Aubrac (12)"]
[Date "2008.07.14"]
[Round "3.26"]
[White "Meyer, Bernard"]
[Black "Schneider, Martin"]
[Result "1-0"]
[WhiteElo "1370"]
[BlackElo "1199"]
[PlyCount "41"]
[EventDate "2008.07.??"]
[EventType "swiss"]
[EventRounds "9"]
[EventCountry "FRA"]

1. d4 d5 2. c4 e6 3. Nc3 Nf6 4. Nf3 c5 5. Bg5 cxd4 6. Nxd4 Be7 7. e3 b6 8. Bd3
O-O 9. O-O Bd7 10. Bxf6 Bxf6 11. cxd5 exd5 12. Nxd5 Bxd4 13. exd4 Be6 14. Nc3
Qxd4 15. Bxh7+ Kxh7 16. Qxd4 Nc6 17. Qd1 Rfd8 18. Qc2+ g6 19. Rad1 Re8 20. a3
Bf5 21. Qa4 1-0

[Event "St-Chély d'Aubrac op"]
[Site "Saint-Chély d'Aubrac (12)"]
[Date "2008.07.14"]
[Round "3.28"]
[White "Darnis, Lucas"]
[Black "Muheim, Jane"]
[Result "1-0"]
[WhiteElo "1310"]
[BlackElo "1190"]
[PlyCount "75"]
[EventDate "2008.07.??"]
[EventType "swiss"]
[EventRounds "9"]
[EventCountry "FRA"]

1. e4 c6 2. Nc3 d5 3. f3 e5 4. d4 Nd7 5. Be2 Bb4 6. Bd2 Ne7 7. Na4 Nb6 8. Bxb4
Nxa4 9. Bxe7 Qxe7 10. Qd3 Qh4+ 11. g3 Bh3 12. gxh4 Bg2 13. Kf2 Bxh1 14. Nh3
Bxf3 15. Kxf3 Nb6 16. dxe5 Nd7 17. Qd4 O-O 18. exd5 c5 19. Qe4 a6 20. Bd3 g6
21. e6 fxe6+ 22. Ke3 exd5 23. Qe6+ Rf7 24. h5 d4+ 25. Kd2 Raf8 26. Rf1 Kg7 27.
Rxf7+ Rxf7 28. hxg6 hxg6 29. Qxg6+ Kf8 30. Ng5 Rf2+ 31. Be2 Ne5 32. Qd6+ Kg7
33. Qxe5+ Kg6 34. h4 Rf6 35. h5+ Kg7 36. Qe7+ Rf7 37. Qxf7+ Kh6 38. Qf6# 1-0

[Event "St-Chély d'Aubrac op"]
[Site "Saint-Chély d'Aubrac (12)"]
[Date "2008.07.15"]
[Round "4.1"]
[White "Karpatchev, Aleksandr"]
[Black "Sokolov, Andrei"]
[Result "1/2-1/2"]
[WhiteElo "2460"]
[BlackElo "2561"]
[PlyCount "28"]
[EventDate "2008.07.??"]
[EventType "swiss"]
[EventRounds "9"]
[EventCountry "FRA"]

1. e4 c5 2. c3 d5 3. exd5 Qxd5 4. d4 Nf6 5. Nf3 Bg4 6. Be2 e6 7. h3 Bh5 8. O-O
Nc6 9. Be3 cxd4 10. Nxd4 Bxe2 11. Qxe2 Nxd4 12. Bxd4 Be7 13. Rd1 Qc6 14. Nd2
O-O 1/2-1/2

[Event "St-Chély d'Aubrac op"]
[Site "Saint-Chély d'Aubrac (12)"]
[Date "2008.07.15"]
[Round "4.2"]
[White "Degraeve, Jean-Marc"]
[Black "Muller, Anne"]
[Result "1-0"]
[WhiteElo "2523"]
[BlackElo "2179"]
[PlyCount "67"]
[EventDate "2008.07.??"]
[EventType "swiss"]
[EventRounds "9"]
[EventCountry "FRA"]

1. e4 c5 2. Nf3 d6 3. d4 cxd4 4. Nxd4 Nf6 5. f3 Nc6 6. c4 e6 7. Nc3 Be7 8. Be3
O-O 9. Nc2 Qc7 10. Be2 a6 11. Rc1 Ne5 12. Nd4 Re8 13. Qd2 b6 14. O-O Bb7 15.
Rfd1 h6 16. Bf1 Bf8 17. a3 Rac8 18. b4 Qb8 19. Na4 Ned7 20. Nb3 d5 21. exd5
exd5 22. c5 b5 23. Nc3 Ne5 24. Bf4 Qa8 25. Bxe5 Rxe5 26. Re1 Rce8 27. Rxe5 Rxe5
28. Re1 Qe8 29. Rxe5 Qxe5 30. Qd4 Qg5 31. Ne2 Qf5 32. Qf4 Qb1 33. Nbd4 Bc8 34.
Qb8 1-0

[Event "St-Chély d'Aubrac op"]
[Site "Saint-Chély d'Aubrac (12)"]
[Date "2008.07.15"]
[Round "4.3"]
[White "Roignot, Pierre"]
[Black "Riff, Jean-Noel"]
[Result "0-1"]
[WhiteElo "2029"]
[BlackElo "2481"]
[PlyCount "60"]
[EventDate "2008.07.??"]
[EventType "swiss"]
[EventRounds "9"]
[EventCountry "FRA"]

1. e4 c5 2. f4 e6 3. Nf3 a6 4. g3 Nc6 5. Bg2 d5 6. e5 Nh6 7. O-O Be7 8. d3 Bd7
9. c3 Qc7 10. Qe2 O-O-O 11. Kh1 f6 12. Re1 Rde8 13. Nbd2 fxe5 14. Nxe5 Nxe5 15.
fxe5 g5 16. Nf1 Ref8 17. g4 Bc6 18. Ng3 Kb8 19. Bd2 Rf7 20. Rf1 Rhf8 21. Rxf7
Nxf7 22. Re1 Nh8 23. Rf1 Rxf1+ 24. Nxf1 Ng6 25. Ng3 Qxe5 26. Bf3 Qf6 27. Nh5
Qf7 28. d4 cxd4 29. cxd4 Bb5 30. Qd1 Nh4 0-1

[Event "St-Chély d'Aubrac op"]
[Site "Saint-Chély d'Aubrac (12)"]
[Date "2008.07.15"]
[Round "4.4"]
[White "Mayet, Lucas"]
[Black "Saucey, Michel"]
[Result "1/2-1/2"]
[WhiteElo "1695"]
[BlackElo "2348"]
[PlyCount "63"]
[EventDate "2008.07.??"]
[EventType "swiss"]
[EventRounds "9"]
[EventCountry "FRA"]

1. d4 c5 2. d5 g6 3. c4 Bg7 4. Nf3 d6 5. e4 Nf6 6. Nc3 O-O 7. Be2 e5 8. O-O Na6
9. a3 Ne8 10. Bg5 f6 11. Bh4 h5 12. h3 Bh6 13. Ne1 Ng7 14. Bg3 Qe7 15. f4 exf4
16. Bxf4 Bxf4 17. Rxf4 f5 18. Nd3 g5 19. Rf1 fxe4 20. Rxf8+ Kxf8 21. Nf2 e3 22.
Nfe4 Bf5 23. Ng3 Kg8 24. Nxf5 Nxf5 25. Bxh5 Rf8 26. Qg4 Ng7 27. Rf1 Rxf1+ 28.
Kxf1 Qf6+ 29. Kg1 Qf2+ 30. Kh2 Nxh5 31. Qxh5 Qf4+ 32. Kh1 1/2-1/2

[Event "St-Chély d'Aubrac op"]
[Site "Saint-Chély d'Aubrac (12)"]
[Date "2008.07.15"]
[Round "4.5"]
[White "Huin, Eric"]
[Black "Furrer, Marc"]
[Result "0-1"]
[WhiteElo "1956"]
[BlackElo "2121"]
[PlyCount "80"]
[EventDate "2008.07.??"]
[EventType "swiss"]
[EventRounds "9"]
[EventCountry "FRA"]

1. Nf3 Nh6 2. e4 f6 3. Bc4 e6 4. Nc3 Nf7 5. d4 c6 6. d5 cxd5 7. exd5 e5 8. O-O
a6 9. a4 d6 10. a5 Bg4 11. Be2 Nd7 12. Nxe5 Bxe2 13. Nxf7 Bxd1 14. Nxd8 Bxc2
15. Ne6 Kf7 16. Bf4 Be7 17. Rac1 Bf5 18. Rfe1 Ne5 19. Bxe5 fxe5 20. Na4 Rac8
21. Nb6 Rxc1 22. Rxc1 Bxe6 23. dxe6+ Kxe6 24. Rc7 Rb8 25. Nd7 Bd8 26. Nf8+ Kd5
27. Rxg7 Rc8 28. h3 Bxa5 29. Nxh7 Rc1+ 30. Kh2 Rc7 31. Rxc7 Bxc7 32. g4 Ke6 33.
Ng5+ Ke7 34. Kg2 d5 35. h4 a5 36. h5 a4 37. Nf3 e4 38. Nh4 Kf7 39. Ng6 b5 40.
Kf1 b4 0-1

[Event "St-Chély d'Aubrac op"]
[Site "Saint-Chély d'Aubrac (12)"]
[Date "2008.07.15"]
[Round "4.6"]
[White "Netzer, Jacques"]
[Black "Boulier, Rene"]
[Result "1-0"]
[WhiteElo "2116"]
[BlackElo "1924"]
[PlyCount "95"]
[EventDate "2008.07.??"]
[EventType "swiss"]
[EventRounds "9"]
[EventCountry "FRA"]

1. e4 e6 2. d4 d5 3. Nd2 c5 4. exd5 Qxd5 5. Ngf3 cxd4 6. Bc4 Qd8 7. O-O Nf6 8.
Nb3 Nc6 9. Nbxd4 Nxd4 10. Nxd4 Be7 11. Bf4 a6 12. c3 O-O 13. Qf3 Qa5 14. b4 Qh5
15. a4 Qxf3 16. Nxf3 Ne4 17. Be5 Bf6 18. Bxf6 gxf6 19. Rac1 Bd7 20. Rfe1 f5 21.
Bb3 Rfd8 22. a5 Kg7 23. Ne5 Be8 24. f3 Nf6 25. Red1 Rac8 26. c4 h5 27. c5 Bb5
28. Bc4 Bxc4 29. Nxc4 Nd5 30. Nb6 Nxb6 31. Rxd8 Rxd8 32. cxb6 Rd4 33. b5 Rb4
34. bxa6 bxa6 35. Kf2 Kf6 36. Rd1 f4 37. Ke2 Ke5 38. Rd3 f5 39. Kd2 Kf6 40. Kc2
e5 41. Rb3 Rc4+ 42. Kd3 Rc8 43. Rc3 Rd8+ 44. Ke2 Ke6 45. Rc7 Rd5 46. b7 Rb5 47.
Rc6+ Kd7 48. Rb6 1-0

[Event "St-Chély d'Aubrac op"]
[Site "Saint-Chély d'Aubrac (12)"]
[Date "2008.07.15"]
[Round "4.7"]
[White "Robert, Thierry"]
[Black "Nass, Emile"]
[Result "0-1"]
[WhiteElo "1862"]
[BlackElo "2105"]
[PlyCount "40"]
[EventDate "2008.07.??"]
[EventType "swiss"]
[EventRounds "9"]
[EventCountry "FRA"]

1. e4 e6 2. d4 d5 3. Nc3 Nf6 4. e5 Nfd7 5. Nce2 c5 6. c3 cxd4 7. cxd4 f6 8. f4
fxe5 9. fxe5 Bb4+ 10. Bd2 Qh4+ 11. Ng3 Qxd4 12. Nf3 Qxb2 13. Rc1 Nc6 14. Rc2
Bxd2+ 15. Rxd2 Qb6 16. Be2 O-O 17. Bd3 Ndxe5 18. Bxh7+ Kxh7 19. Ng5+ Kg8 20.
Re2 Qb4+ 0-1

[Event "St-Chély d'Aubrac op"]
[Site "Saint-Chély d'Aubrac (12)"]
[Date "2008.07.15"]
[Round "4.8"]
[White "Lagunes, Jean-Renaud"]
[Black "Rabier, Jean"]
[Result "1-0"]
[WhiteElo "2047"]
[BlackElo "1914"]
[PlyCount "95"]
[EventDate "2008.07.??"]
[EventType "swiss"]
[EventRounds "9"]
[EventCountry "FRA"]

1. e4 c5 2. Nf3 e6 3. b3 d6 4. Bb5+ Bd7 5. Bxd7+ Nxd7 6. O-O Be7 7. Bb2 Bf6 8.
c3 Ne7 9. d4 O-O 10. Qe2 g6 11. Na3 Bg7 12. Rfd1 cxd4 13. Nxd4 d5 14. exd5 Nxd5
15. Nxe6 Qe8 16. Rxd5 fxe6 17. Rd6 Be5 18. Rd3 Rf6 19. Rad1 Nc5 20. Qxe5 Nxd3
21. Qxf6 Nxb2 22. Rd2 Qc6 23. h3 Rf8 24. Rd8 Qc5 25. Qxe6+ Kh8 26. Qf6+ Kg8 27.
Qxf8+ Qxf8 28. Rxf8+ Kxf8 29. Nb5 a6 30. Nd6 b6 31. Kf1 Nd3 32. Ke2 Nf4+ 33.
Kf3 Nd3 34. Ke3 Nc5 35. Kd4 Kg7 36. Nc4 Nd7 37. Kd5 b5 38. Kc6 Nf6 39. Nd6 Kf8
40. c4 bxc4 41. bxc4 Ke7 42. c5 Nd7 43. Nc4 Ke6 44. a4 g5 45. g3 h5 46. f3 Nb8+
47. Kc7 Nd7 48. c6 1-0

[Event "St-Chély d'Aubrac op"]
[Site "Saint-Chély d'Aubrac (12)"]
[Date "2008.07.15"]
[Round "4.9"]
[White "Joli, Laurent"]
[Black "Desboeufs, Alexandre"]
[Result "1/2-1/2"]
[WhiteElo "1911"]
[BlackElo "2026"]
[PlyCount "54"]
[EventDate "2008.07.??"]
[EventType "swiss"]
[EventRounds "9"]
[EventCountry "FRA"]

1. e4 e6 2. d4 d5 3. exd5 exd5 4. Bd3 Bd6 5. Ne2 Nf6 6. Bg5 Bg4 7. f3 Bh5 8.
O-O Nbd7 9. Re1 O-O 10. c3 c6 11. Nd2 Qc7 12. g3 Rae8 13. Bf4 Bg6 14. Bxd6 Qxd6
15. Nf4 Bxd3 16. Nxd3 c5 17. dxc5 Nxc5 18. Nf2 Qb6 19. Qc2 Re6 20. Nb3 Rfe8 21.
Rxe6 Rxe6 22. Nd4 Re8 23. Kg2 Ne6 24. Rd1 Rc8 25. Qe2 Re8 26. Qc2 Rc8 27. Qe2
Re8 1/2-1/2

[Event "St-Chély d'Aubrac op"]
[Site "Saint-Chély d'Aubrac (12)"]
[Date "2008.07.15"]
[Round "4.10"]
[White "Messinger, Karl"]
[Black "Muheim, Sebastien"]
[Result "0-1"]
[WhiteElo "1703"]
[BlackElo "2013"]
[PlyCount "118"]
[EventDate "2008.07.??"]
[EventType "swiss"]
[EventRounds "9"]
[EventCountry "FRA"]

1. e4 c5 2. Nf3 d6 3. Bb5+ Nd7 4. c3 Ngf6 5. Qe2 e6 6. O-O a6 7. Ba4 b5 8. Bc2
Bb7 9. Rd1 Be7 10. d3 O-O 11. Nbd2 Re8 12. Nf1 Nf8 13. Ng3 Ng6 14. h3 Qc7 15.
d4 Rec8 16. Bd3 c4 17. Bc2 Nd7 18. Bg5 Bf8 19. Rac1 Re8 20. Re1 a5 21. a3 Nb6
22. Ra1 d5 23. e5 b4 24. axb4 axb4 25. Bxg6 hxg6 26. Reb1 Bc6 27. Qd2 b3 28.
Nh2 Be7 29. Bxe7 Qxe7 30. Ng4 Nd7 31. Qf4 Reb8 32. Qc1 Nf8 33. Rxa8 Rxa8 34.
Ra1 Ra7 35. Rxa7 Qxa7 36. Nh2 Nd7 37. Nhf1 f6 38. f4 fxe5 39. fxe5 Nxe5 40. Qg5
Nd3 41. Qxg6 Qf7 42. Qxf7+ Kxf7 43. Nd2 Nxb2 44. Nb1 Kf6 45. Kf2 Be8 46. Ke1
Bg6 47. Na3 Nd3+ 48. Kd2 Nf4 49. Kc1 Nxg2 50. Kb2 Nf4 51. h4 Nd3+ 52. Ka1 e5
53. h5 Bh7 54. dxe5+ Kxe5 55. Nb1 Kf4 56. Ne2+ Kg4 57. Nd4 Kxh5 58. Ne6 g5 59.
Nc7 Be4 0-1

[Event "St-Chély d'Aubrac op"]
[Site "Saint-Chély d'Aubrac (12)"]
[Date "2008.07.15"]
[Round "4.11"]
[White "Baeumlin, Francois"]
[Black "Lagunes, Robin"]
[Result "1-0"]
[WhiteElo "1995"]
[BlackElo "1825"]
[PlyCount "75"]
[EventDate "2008.07.??"]
[EventType "swiss"]
[EventRounds "9"]
[EventCountry "FRA"]

1. e4 d6 2. d4 Nf6 3. Nc3 g6 4. Be3 c6 5. Qd2 a5 6. f3 Qc7 7. h4 b5 8. g4 Na6
9. Nge2 b4 10. Nd1 Bb7 11. Ng3 e5 12. Bh3 Bg7 13. c3 d5 14. dxe5 Qxe5 15. f4
Qe7 16. e5 Nd7 17. g5 O-O 18. Nf2 bxc3 19. bxc3 Nxe5 20. fxe5 Qxe5 21. Ne2 Rfe8
22. Bd4 Qe7 23. Bg4 c5 24. Bxg7 Kxg7 25. O-O Qc7 26. Qf4 Qc6 27. Nd3 Re4 28.
Qxf7+ Kh8 29. Rf4 c4 30. Rxe4 dxe4 31. Ne5 Qc5+ 32. Kg2 Qxe5 33. Qxb7 Rf8 34.
Qxa6 e3 35. Bf3 Qf5 36. Rf1 Qd7 37. Qxc4 Rxf3 38. Rxf3 1-0

[Event "St-Chély d'Aubrac op"]
[Site "Saint-Chély d'Aubrac (12)"]
[Date "2008.07.15"]
[Round "4.12"]
[White "Stepenko, Roman"]
[Black "Kiecken, Jean-Marc"]
[Result "1-0"]
[WhiteElo "1580"]
[BlackElo "1978"]
[PlyCount "69"]
[EventDate "2008.07.??"]
[EventType "swiss"]
[EventRounds "9"]
[EventCountry "FRA"]

1. e4 Nf6 2. e5 Nd5 3. d4 d6 4. c4 Nb6 5. exd6 exd6 6. Nf3 Bg4 7. Be2 Be7 8.
Nc3 O-O 9. O-O Nc6 10. d5 Bxf3 11. Bxf3 Ne5 12. b3 Bf6 13. Bb2 Qd7 14. Rb1 a5
15. Ne4 Nxf3+ 16. Qxf3 Bxb2 17. Rxb2 a4 18. Qg3 Qf5 19. Re2 axb3 20. Qxb3 Ra5
21. Rfe1 Qf4 22. h3 f5 23. Nd2 Rfa8 24. g3 Qd4 25. Nf3 Qf6 26. Re6 Qd8 27. Nh4
g6 28. Nxg6 hxg6 29. Rxg6+ Kf7 30. Ree6 Rxa2 31. Qc3 (31. Qf3) 31... Qh8 32.
Rgf6+ (32. Ref6+ Ke8 33. Qe3+ Kd8 34. Rf7 Kc8 35. Qe7 Qa1+ 36. Kg2 Rxf2+ 37.
Kxf2 Ra2+ 38. Kf3) 32... Kg8 33. Rf8+ Kxf8 (33... Rxf8) 34. Qxh8+ Kf7 35. Qh7+
(35. Rf6+ Ke7 36. Qg7+ Ke8 37. Rf8#) 1-0

[Event "St-Chély d'Aubrac op"]
[Site "Saint-Chély d'Aubrac (12)"]
[Date "2008.07.15"]
[Round "4.13"]
[White "Manser, Lucas"]
[Black "Tanguy, Fabien"]
[Result "0-1"]
[WhiteElo "1740"]
[BlackElo "2062"]
[PlyCount "36"]
[EventDate "2008.07.??"]
[EventType "swiss"]
[EventRounds "9"]
[EventCountry "FRA"]

1. e4 g6 2. d4 Bg7 3. Nf3 d5 4. Nbd2 a6 5. c3 b6 6. Qc2 dxe4 7. Nxe4 Bb7 8. Bc4
Bd5 9. Bb3 Bxb3 10. Qxb3 Nf6 11. Nxf6+ exf6 12. O-O O-O 13. Re1 Nc6 14. Bf4 Qd7
15. Re2 Rfe8 16. Rae1 Rxe2 17. Rxe2 Na5 18. Qb4 Bf8 0-1

[Event "St-Chély d'Aubrac op"]
[Site "Saint-Chély d'Aubrac (12)"]
[Date "2008.07.15"]
[Round "4.14"]
[White "Guillaumat, Jean-Pierre"]
[Black "Veys, Vincent"]
[Result "1-0"]
[WhiteElo "1969"]
[BlackElo "1530"]
[PlyCount "77"]
[EventDate "2008.07.??"]
[EventType "swiss"]
[EventRounds "9"]
[EventCountry "FRA"]

1. d4 d5 2. Nf3 Nf6 3. b4 e6 4. a3 Be7 5. Bb2 O-O 6. e3 Nc6 7. Nbd2 a5 8. b5
Na7 9. c4 dxc4 10. Bxc4 Bd7 11. a4 Nc8 12. Ne5 Nb6 13. Nxd7 Qxd7 14. Bb3 Bb4
15. O-O Qd6 16. Nf3 Ne4 17. Rc1 Rac8 18. Ne5 Nf6 19. Qf3 Rb8 20. Rc2 h6 21.
Rfc1 Rfc8 22. h3 Nbd7 23. e4 Qb6 24. Nc4 Qa7 25. Ne3 Qb6 26. e5 Ne8 27. d5 Nf8
28. d6 Nd7 29. Nc4 Qa7 30. dxc7 Rxc7 31. Nd6 Rxc2 32. Qxf7+ Kh8 33. Bxc2 Bxd6
34. Qxd7 Bc5 35. Qf7 Rc8 36. Kh1 Qb6 37. Bb1 Rd8 38. Bd4 Bxd4 39. Qf8# 1-0

[Event "St-Chély d'Aubrac op"]
[Site "Saint-Chély d'Aubrac (12)"]
[Date "2008.07.15"]
[Round "4.15"]
[White "Marie, Olivier"]
[Black "Carno, Matthias"]
[Result "1/2-1/2"]
[WhiteElo "1520"]
[BlackElo "1956"]
[PlyCount "43"]
[EventDate "2008.07.??"]
[EventType "swiss"]
[EventRounds "9"]
[EventCountry "FRA"]

1. d4 d5 2. c4 dxc4 3. Nc3 g6 4. e4 Bg7 5. Be3 Nc6 6. d5 Ne5 7. Bxc4 Nf6 8. Be2
O-O 9. h3 e6 10. Nf3 Nxf3+ 11. Bxf3 exd5 12. exd5 Ne8 13. O-O Nd6 14. Qb3 Qh4
15. Rac1 Be5 16. Qa4 Nc4 17. b3 Bxh3 18. Qxc4 Bg4 19. g3 Bxg3 20. fxg3 Qxg3+
21. Bg2 Qxe3+ 22. Kh1 1/2-1/2

[Event "St-Chély d'Aubrac op"]
[Site "Saint-Chély d'Aubrac (12)"]
[Date "2008.07.15"]
[Round "4.16"]
[White "Moulie, Patrick"]
[Black "Mourgues, Joelle"]
[Result "0-1"]
[WhiteElo "1930"]
[BlackElo "1767"]
[PlyCount "39"]
[EventDate "2008.07.??"]
[EventType "swiss"]
[EventRounds "9"]
[EventCountry "FRA"]

1. e4 c5 2. d4 cxd4 3. c3 d3 4. Bxd3 d6 5. f4 g6 6. Nf3 Bg7 7. O-O Nf6 8. h3
O-O 9. Nbd2 a6 10. Nb3 Nc6 11. g4 e5 12. f5 b5 13. Be3 Bb7 14. Nfd2 d5 15. Bc5
Re8 16. fxg6 hxg6 17. exd5 Qxd5 18. Qc2 e4 19. Be2 Ne5 20. Bd4 0-1

[Event "St-Chély d'Aubrac op"]
[Site "Saint-Chély d'Aubrac (12)"]
[Date "2008.07.15"]
[Round "4.17"]
[White "Duffau, Pascal"]
[Black "Martinez, Loic"]
[Result "1-0"]
[WhiteElo "2019"]
[BlackElo "1737"]
[PlyCount "69"]
[EventDate "2008.07.??"]
[EventType "swiss"]
[EventRounds "9"]
[EventCountry "FRA"]

1. Nf3 b6 2. g3 Bb7 3. Bg2 e6 4. d4 f5 5. O-O Nf6 6. c4 Be7 7. Nc3 O-O 8. d5
exd5 9. cxd5 Ne4 10. Nxe4 fxe4 11. Ne1 Bc5 12. Bxe4 Qf6 13. Nf3 Na6 14. a3 Rae8
15. Qc2 h6 16. Bh7+ Kh8 17. b4 Bd4 18. Nxd4 Qxd4 19. Bb2 Qxd5 20. f3 Qg5 21.
Rad1 Qe3+ 22. Rf2 Qe6 23. Bd3 Re7 24. e4 d6 25. Bc4 Qg6 26. Qd2 Nb8 27. Bd3 Qf7
28. Qxh6+ Kg8 29. Qd2 Nd7 30. Bb1 Qh5 31. Ba2+ Kh8 32. h4 Ne5 33. g4 Nxf3+ 34.
Rxf3 Qxg4+ 35. Kh2 1-0

[Event "St-Chély d'Aubrac op"]
[Site "Saint-Chély d'Aubrac (12)"]
[Date "2008.07.15"]
[Round "4.18"]
[White "Cuq, Christian"]
[Black "Labarthe, Arnaud"]
[Result "0-1"]
[WhiteElo "1680"]
[BlackElo "1899"]
[PlyCount "84"]
[EventDate "2008.07.??"]
[EventType "swiss"]
[EventRounds "9"]
[EventCountry "FRA"]

1. e4 d5 2. exd5 Nf6 3. Nf3 Qxd5 4. Nc3 Qd8 5. Be2 Bf5 6. d3 e6 7. Bg5 h6 8.
Bh4 Nc6 9. a3 Be7 10. Bg3 Bd6 11. Qd2 Qe7 12. Bxd6 cxd6 13. O-O O-O 14. Rfe1 e5
15. Qc1 d5 16. Nd2 Rac8 17. Bf1 Rfe8 18. b4 Nxb4 19. axb4 Rxc3 20. Qb2 Rc6 21.
Nf3 Qc7 22. Rxe5 Rxe5 23. Qxe5 Qxe5 24. Nxe5 Rxc2 25. Rxa7 Rc7 26. h3 Re7 27.
d4 h5 28. Ba6 Re6 29. Bxb7 Rb6 30. Nc6 Be6 31. Ne7+ Kh7 32. Bc8 Rxb4 33. Bxe6
fxe6 34. Nc6 Rc4 35. Ra6 h4 36. Kf1 Nh5 37. Ke2 Nf4+ 38. Kf3 Nd3 39. Ke3 Ne1
40. g4 hxg3 41. fxg3 Nc2+ 42. Kd3 Rxc6 0-1

[Event "St-Chély d'Aubrac op"]
[Site "Saint-Chély d'Aubrac (12)"]
[Date "2008.07.15"]
[Round "4.19"]
[White "De Biasi, Robert"]
[Black "Desboeufs, Claude"]
[Result "0-1"]
[WhiteElo "1799"]
[BlackElo "1564"]
[PlyCount "96"]
[EventDate "2008.07.??"]
[EventType "swiss"]
[EventRounds "9"]
[EventCountry "FRA"]

1. c4 d6 2. Nc3 e5 3. e4 Nc6 4. Nge2 Nf6 5. d3 g6 6. g3 Bg7 7. Bg2 O-O 8. O-O
Bd7 9. a3 Qc8 10. Nd5 Nxd5 11. cxd5 Ne7 12. Rb1 f5 13. f4 Rf7 14. b4 Kh8 15.
Bb2 fxe4 16. dxe4 Bh3 17. Rf2 Bxg2 18. Kxg2 Qd7 19. Qd3 Raf8 20. Rbf1 Ng8 21.
f5 g5 22. h3 Bf6 23. g4 h6 24. Ng3 Rh7 25. Nh5 Qf7 26. Rc2 Bd8 27. b5 Nf6 28.
Qf3 Nxh5 29. gxh5 Qf6 30. Qg4 Qf7 31. a4 Bf6 32. Rfc1 Rc8 33. Ba3 Qd7 34. Bb4
Rf7 35. Ba5 Bd8 36. Bd2 Kg7 37. h4 Kf8 38. Kf3 Rg7 39. Rg1 a6 40. Rb2 axb5 41.
Rxb5 c6 42. dxc6 Rxc6 43. Rgb1 b6 44. hxg5 Bxg5 45. Qg2 Bf4 46. Qf2 Qe8 47. Rh1
Rc2 48. Rd5 Qxa4 0-1

[Event "St-Chély d'Aubrac op"]
[Site "Saint-Chély d'Aubrac (12)"]
[Date "2008.07.15"]
[Round "4.20"]
[White "Griggio, Jean-Paul"]
[Black "Meyer, Bernard"]
[Result "1-0"]
[WhiteElo "1798"]
[BlackElo "1370"]
[PlyCount "147"]
[EventDate "2008.07.??"]
[EventType "swiss"]
[EventRounds "9"]
[EventCountry "FRA"]

1. d4 d5 2. Nf3 Nf6 3. c4 c6 4. g3 Bg4 5. Bg2 e6 6. O-O Nbd7 7. Nbd2 Be7 8. Re1
O-O 9. Qb3 Rb8 10. e4 dxe4 11. Nxe4 Nxe4 12. Rxe4 Nf6 13. Re1 a5 14. Qe3 Re8
15. Ne5 Rc8 16. Bd2 Bd6 17. Nxg4 Nxg4 18. Qe2 Nf6 19. Bc3 Bb4 20. Bxb4 axb4 21.
Rad1 Qc7 22. Qd2 Qe7 23. c5 Ra8 24. Ra1 Nd5 25. Bxd5 cxd5 26. Qxb4 Rab8 27. Qc3
h5 28. b4 b5 29. a4 h4 30. a5 Ra8 31. Qe3 h3 32. f4 Qf6 33. Qd3 Reb8 34. Re5
Qh6 35. Qe2 Ra6 36. Qh5 f5 37. Qxh6 gxh6 38. Rae1 Kf7 39. Kf2 h5 40. Ke3 Rg8
41. Rc1 Rc8 42. Kf3 Kf6 43. Re2 Rcc6 44. Rec2 Kf7 45. Rg1 Kf6 46. Rcc1 Kf7 47.
Rc3 Kf6 48. g4 hxg4+ 49. Kg3 Kg6 50. Kh4 Kh6 51. Ra3 Rc7 52. Rc3 Rh7 53. c6
Kg6+ 54. Kg3 Rc7 55. Rgc1 Kf6 56. Rc5 Ke7 57. Rxb5 Rcxc6 58. Rb7+ Kd8 59. Rc5
Kc8 60. Rh7 Rxc5 61. dxc5 d4 62. Kf2 e5 63. fxe5 Re6 64. Ke2 f4 65. Rg7 Rxe5+
66. Kd3 g3 67. hxg3 Re3+ 68. Kxd4 Rxg3 69. Rh7 f3 70. Ke3 Kb8 71. Kf2 Rg2+ 72.
Kxf3 Rb2 73. Rh6 Rxb4 74. Rb6+ 1-0

[Event "St-Chély d'Aubrac op"]
[Site "Saint-Chély d'Aubrac (12)"]
[Date "2008.07.15"]
[Round "4.21"]
[White "Causse, Michel"]
[Black "Paris, Yannick"]
[Result "0-1"]
[WhiteElo "1380"]
[BlackElo "1793"]
[PlyCount "102"]
[EventDate "2008.07.??"]
[EventType "swiss"]
[EventRounds "9"]
[EventCountry "FRA"]

1. d4 Nf6 2. c4 g6 3. Nc3 d5 4. e3 Bg7 5. Nf3 O-O 6. Be2 c6 7. O-O Qc7 8. cxd5
Nxd5 9. Nxd5 cxd5 10. b3 Nc6 11. Ba3 Re8 12. Rc1 Qa5 13. Bb2 Qxa2 14. Bc3 Qa3
15. Ra1 Qd6 16. Qd2 Bg4 17. b4 a6 18. Ne1 Bxe2 19. Qxe2 Nxb4 20. Bxb4 Qxb4 21.
Nd3 Qd6 22. Rab1 b5 23. Nc5 e5 24. Qd3 Rec8 25. Rfc1 Rc7 26. g3 Rac8 27. Nb3
Rxc1+ 28. Rxc1 Rxc1+ 29. Nxc1 exd4 30. exd4 Qb4 31. Na2 Qxd4 32. Qxd4 Bxd4 33.
Nb4 a5 34. Nxd5 Kf8 35. Kf1 f5 36. Ke2 Kf7 37. f3 Be5 38. Kd3 Ke6 39. Ne3 a4
40. f4 Bf6 41. Nc2 Kd5 42. h3 Kc5 43. Na3 Bb2 44. Nb1 Kb4 45. Kc2 a3 46. Nxa3
Bxa3 47. Kb1 Kc3 48. g4 Bd6 49. gxf5 gxf5 50. h4 Bxf4 51. h5 b4 0-1

[Event "St-Chély d'Aubrac op"]
[Site "Saint-Chély d'Aubrac (12)"]
[Date "2008.07.15"]
[Round "4.22"]
[White "Rateau, Cyprien"]
[Black "Saucey, Capucine"]
[Result "0-1"]
[WhiteElo "1340"]
[BlackElo "1770"]
[PlyCount "48"]
[EventDate "2008.07.??"]
[EventType "swiss"]
[EventRounds "9"]
[EventCountry "FRA"]

1. d4 c5 2. Nf3 e6 3. Nc3 d5 4. e4 Nc6 5. dxc5 d4 6. Na4 Qa5+ 7. c3 dxc3 8.
Nxc3 Bxc5 9. Bd2 Qd8 10. Bb5 Bd7 11. O-O a6 12. Bxc6 Bxc6 13. Be3 Bb4 14. Bd4
Nf6 15. e5 Nd5 16. Ne4 Bb5 17. Nfg5 Bxf1 18. Kxf1 h6 19. Nf3 O-O 20. Nfd2 Qh4
21. f3 Qxh2 22. Ke2 Qxg2+ 23. Nf2 Rad8 24. Be3 Nxe3 0-1